De la idea a a tu empresa: una guía para emprendedores (Registro nro. 221)
[ vista simple ]
| 000 -Cabecera | |
|---|---|
| Campo de control de longitud fija | 00986aam a2200337 4500 |
| 005 - Fecha y hora de la última transacción | |
| Campo de control | 20250613121325.0 |
| 008 - Elementos de longitud fija--Información general | |
| Campo de control de longitud fija | 150721b2005 xxu||||| |||| 00| 0 spa d |
| 020 ## - International Standard Book Number | |
| Número Internacional Estándar del Libro (ISBN) | 9701042409 |
| 041 ## - Idioma | |
| Código de idioma | |
| 082 ## - Clasificación Decimal Dewey | |
| Número de clasificación | 658.404 AN637i3 |
| 100 ## - Entrada principal--Autor personal | |
| Nombre personal | Anzola Rojas, Servulo |
| 9 (RLIN) | 15609 |
| 245 ## - Título propiamente dicho | |
| Título | De la idea a a tu empresa: una guía para emprendedores |
| 250 ## - Edición | |
| Mención de edición | 3 edición |
| 260 ## - Pie de imprenta | |
| Lugar de publicación, distribución, etc. | México |
| 260 ## - Pie de imprenta | |
| Nombre del editor, distribuidor, etc. | McGraw-Hill |
| 260 ## - Pie de imprenta | |
| Fecha de publicación, distribución, etc. | 2005 |
| 300 ## - Descripción física | |
| Extensión | 236 páginas |
| 490 ## - Serie | |
| Título de la Serie | Dirección y Administración de Empresas |
| 650 ## - Materia general | |
| Temática (materia general) | GERENCIA DE PROYECTOS |
| 650 ## - Materia general | |
| Temática (materia general) | PLAN PARA LA CREACIÓN DE UNA EMPRESA |
| 650 ## - Materia general | |
| Temática (materia general) | PLAN DE FACTIBILIDAD |
| 650 ## - Materia general | |
| Temática (materia general) | MERCADOTECNIA |
| 650 ## - Materia general | |
| Temática (materia general) | PRODUCTO O SERVICIO |
| 650 ## - Materia general | |
| Temática (materia general) | COMO LLEVAR LAS FINANZAS DE LA EMPRESA |
| 650 ## - Materia general | |
| Temática (materia general) | EMPRENDEDORES |
| 650 ## - Materia general | |
| Temática (materia general) | ADMINISTRACIÓN DE EMPRESAS |
| 650 ## - Materia general | |
| Temática (materia general) | PROCESO ADMINISTRATIVO |
| 650 ## - Materia general | |
| Temática (materia general) | PLANES DE NEGOCIOS |
| 650 ## - Materia general | |
| Temática (materia general) | DESCRIPCIÓN DE LA EMPRESA |
| 942 ## - Punto de acceso adicional KOHA | |
| Tipo de ítem KOHA | Libro |
| Fuente del sistema de clasificación o colocación | Dewey Decimal Classification |
| Signatura completa | Código de barras | Programa Académico | Tipo de ítem |
|---|---|---|---|
| 658.404 AN637i3 | 10535 | Dirección y Administración de Empresas | Libro |
| 658.404 AN637i3 | 11641 | Dirección y Administración de Empresas | Libro |